Bilecik Bilecik Bilecik Bilecik Bilecik

NASDAQ menkul kıymetler borsasının esası ve katılımcılarına sağladığı faydalar : (Record no. 8100)

MARC details
000 -BAŞLIK
Sabit Uzunluktaki Kontrol Alanı 01128nam a22003017a 4500
001 - KONTROL NUMARASI
Control Dosyası 0008127
003 - KONTROL NUMARASI KİMLİĞİ
Kontrol Alanı KOHA_MİRAKIL
005 - EN SON İŞLEM TARİHİ ve ZAMANI
Kontrol Alanı 20260207001622.0
007 - FİZİKSEL TANIM SABİT ALAN - GENEL BİLGİ
Sabit uzunluklu kontrol alanı ta
008 - SABİT UZUNLUKTAKİ VERİ ÖGELERİ - GENEL BİLGİ
Sabit Alan 091008b2000 tu |||gr||||#||||0|tur |
020 ## - ISBN - ULUSLARARASI STANDART KİTAP NUMARASI
Kullanılabilirlik koşulları 0,01
040 ## - KATALOGLAMA KAYNAĞI
Özgün Kataloglama Kurumu TR-BiSEU
Kataloglama Dili tur
Çeviri Kurumu TR-BiSEU
Açıklama Kuralları rda
041 0# - DİL KODU
Metin ya da ses kaydının dil kodu tur
044 ## - YAYINLAYAN/ÜRETEN KURULUŞUN ÜLKE KODU
ISO country code tu
050 ## - SINIFLAMA ve YER NUMARASI
Sınıflama Numarası HG4574.2
Yer Numarası .N37 2000
111 2# - TOPLANTI ADI
Toplantı Adı NASDAQ Menkul Kıymetler Borsasının Esası ve Katılımcılarına Sağladığı Faydalar (2000 : İstanbul)
9 (RLIN) 20175
245 1# - ESER ADI BİLDİRİMİ
Başlık NASDAQ menkul kıymetler borsasının esası ve katılımcılarına sağladığı faydalar :
Alt Eseradı vb. seminer açış-tebligler-panel.
264 #1 - ÜRERİM, YAYIN, DAĞITIM ve TELİF BİLDİRİMİ
Yayın yeri İstanbul :
Yayınlayan İktisadi Araştırmalar Vakfı
Yayın tarihi 2000
300 ## - FİZİKSEL TANIMLAMA
Sayfa, Cilt vb. 95 sayfa: tablo
336 ## - İÇERİK TÜRÜ
Content type term metin
Content type code txt
Source rdacontent
337 ## - MEDYA TÜRÜ
Media type term aracısız
Media type code n
Source rdamedia
338 ## - TAŞIYICI TÜRÜ
Carrier type term cilt
Carrier type code nc
Source rdacarrier
490 1# - DİZİ BİLDİRİMİ
Dizi Bildirimi İktisadi Araştırmalar Vakfı ;
Cilt Numarası yayın no: 2000/156.
650 #0 - KONU BAŞLIĞI EK GİRİŞ - KONU TERİMİ
Konusal terim veya coğrafi ad NASDAQ stock market--Congresses.
9 (RLIN) 20176
650 #0 - KONU BAŞLIĞI EK GİRİŞ - KONU TERİMİ
Konusal terim veya coğrafi ad NASDAQ menkul değerler borsası--Kongreler.
9 (RLIN) 20177
830 1# - SERİ EK GİRİŞİ - TEKBİÇİM ESER ADI
Tekbiçim Başlık İktisadi Araştırmalar Vakfı ;
Volume number/sequential designation yayın no: 2000/156.
9 (RLIN) 20178
942 ## - EK GİRİŞ ÖGELERİ (KOHA)
Source of classification or shelving scheme Library of Congress Classification
Koha item type Book
Holdings
Materyal Türü Kalıcı Konum Mevcut Konum Raf Yeri Sınıflandırma Kaynağı Edinim Bilgisi Ana Konular Alt Konular Yer Numarası Demirbaş Numarası Fatura Tarihi Geri Çekilme Durumu Kayıp Durumu Hasarlı Durumu Kredi için değil Kayıt Tarih Toplam Ödünçverme Son Görülme Tarihi Son Kontrol Tarihi Genel / Bağış Notu
Book Prof. Dr. Azmi Özcan Kütüphanesi Prof. Dr. Azmi Özcan Kütüphanesi Uluğbey Salonu Library of Congress Classification Bağış SOSYAL BİLİMLER Finans HG4574.2 .N37 2000 0008127 13/08/2010         08/10/2009 2 05/12/2024 05/12/2024 Genel Bağış